|
|
|
|
| LEADER |
00000nam a2200000 a 4500 |
| 001 |
vtls001361826 |
| 003 |
SK-MaSNL |
| 005 |
20260301115101.0 |
| 008 |
251124s1996 DE r 0 ger |
| 020 |
|
|
|a 3768610479
|c [866,00]
|
| 035 |
|
|
|a SNK000315408
|
| 040 |
|
|
|a SNK
|b slo
|c SNK
|e AACR2
|
| 044 |
|
|
|a DE
|
| 080 |
|
|
|a 929.5(100)=30
|2 1981
|
| 245 |
1 |
|
|a Ratgeber '95
|b Familienforschung Mittel- und Osteuropa
|c herausgegeben von Irina und Rainer Zielke
|
| 260 |
|
|
|a Neustadt an der Aisch
|b Degener & Co. [etc.]
|c 1996
|
| 300 |
|
|
|a 228 s.
|c 25 cm
|
| 650 |
0 |
7 |
|a genealógia
|x príručky
|2 SNK
|9 289334
|
| 700 |
1 |
|
|a Zielke, Irina
|4 zos
|9 459520
|
| 700 |
1 |
|
|a Zielke, Rainer
|4 zos
|9 459521
|
| 919 |
|
|
|a 3-7686-1047-9
|
| 999 |
|
|
|c 720893
|d 722823
|
| 952 |
|
|
|t P60, <04>, [BOOK], {604}
|a SNK
|b SNK
|y VYP
|7 0
|p 17A0189701
|o snkIC 127756
|i snkV 396/99
|0 0
|1 0
|4 0
|d 1999-04-27
|l 0
|r 2005-01-02 00:00:00
|w 2026-02-23
|